01169nam a2200301Ia 4500001001200000003000800012006001900020007001500039008004100054020001800095020001800113040002100131035002100152050002400173245006600197260005800263300003500321490003600356504004100392533015200433650002800585651003200613655002900645710001700674710003300691856012600724999001700850ebr10744779CaPaEBRm o u cr cn|||||||||111102s2013 dcua sb 000 0 eng d z9781484329436 z9781484377673 aCaPaEBRcCaPaEBR a(OCoLC)85915597314aHC1060b.G43 2013eb00aGhanah[electronic resource] :b2013 article IV consultation. aWashington, DC :bInternational Monetary Fund,c2013. a1 v. (various pagings) :bill.0 aIMF country report ;vno.13/187 aIncludes bibliographical references. aElectronic reproduction.bPalo Alto, Calif. :cebrary,d2013.nAvailable via World Wide Web.nAccess may be limited to ebrary affiliated libraries. 0aMonetary policyzGhana. 0aGhanaxEconomic conditions. 7aElectronic books.2local2 aebrary, Inc.2 aInternational Monetary Fund.40uhttp://site.ebrary.com/lib/rucke/Doc?id=10744779zAn electronic book accessible through the World Wide Web; click to view c14047d14047